Т. 5 : Распределение населения СССР, союзных республик и автономных республик, краев и областей по общественным группам, источникам средств существования и отраслям народного хозяйства; Итоги Всесоюзной переписи населения 1970 года

Bibliographic Details
Parent link:Итоги Всесоюзной переписи населения 1970 года: в 7 т./ СССР, Центральное статистическое управление (ЦСУ). Т. 5 : Распределение населения СССР, союзных республик и автономных республик, краев и областей по общественным группам, источникам средств существования и отраслям народного хозяйства.— , 1972-1974
Other Authors: Орехов К. А. (редактор)
Language:Russian
Published: 1973
Subjects:
Format: MixedMaterials Book
KOHA link:https://koha.lib.tpu.ru/cgi-bin/koha/opac-detail.pl?biblionumber=345873

MARC

LEADER 00000nam2a2200000 4500
001 345873
005 20231101035017.0
035 |a (RuTPU)RU\TPU\book\377726 
035 |a RU\TPU\retro\15164 
090 |a 345873 
100 |a 20210402d1973 km y0rusy50 ca 
101 0 |a rus 
102 |a RU 
105 |a y z 000zy 
200 0 |a Т. 5 : Распределение населения СССР, союзных республик и автономных республик, краев и областей по общественным группам, источникам средств существования и отраслям народного хозяйства  |f под ред. К. А. Орехова 
210 |d 1973 
215 |a 303 с. 
461 1 |0 (RuTPU)RU\TPU\book\348950  |t Итоги Всесоюзной переписи населения 1970 года  |o в 7 т.  |f СССР, Центральное статистическое управление (ЦСУ)  |v Т. 5 : Распределение населения СССР, союзных республик и автономных республик, краев и областей по общественным группам, источникам средств существования и отраслям народного хозяйства  |d 1972-1974 
606 1 |a Население  |x Перепись 1939 г.  |x Перепись 1970 г.  |x Перепись 1979 г.  |y СССР  |x Перепись 2010 г.  |y Россия  |2 stltpush  |3 (RuTPU)RU\TPU\subj\37727 
610 1 |a демография 
610 1 |a перепись населения 
610 1 |a союзные республики 
610 1 |a автономные республики 
610 1 |a края 
610 1 |a области 
610 1 |a народное хозяйство 
610 1 |a отрасли 
610 1 |a занятость 
610 1 |a численность 
686 |a С72  |v LBC/SL-A  |2 rubbk 
702 1 |a Орехов  |b К. А.  |4 340 
801 1 |a RU  |b 63413507  |c 20200811 
801 2 |a RU  |b 63413507  |c 20210402  |g RCR 
942 |c BK